[Event "Landsturneringen 1974"]
[Site "Sandefjord, Vestfold NOR"]
[Date "1974.07.27"]
[Round "9"]
[White "Brandt-Bae, Gunnar"]
[Black "Lea, Per"]
[Result "1-0"]
[WhiteElo "1654"]
[BlackElo "1732"]
[PlyCount "115"]
[EventDate "1974.07.21"]

1. Nf3 e6 2. c4 d5 3. d4 Nf6 4. Nc3 Be7 5. c5 b6 6. b4 c6 7. a4 O-O 8. e3 bxc5
9. bxc5 Ba6 10. Bxa6 Nxa6 11. O-O Qc7 12. Ne5 Nd7 13. f4 Nxe5 14. fxe5 f6 15.
Qg4 fxe5 16. Qxe6+ Kh8 17. Ba3 exd4 18. exd4 Rf6 19. Qe2 Rh6 20. g3 Bf6 21.
Rad1 Qe7 22. Qg4 Rg6 23. Qf3 Rf8 24. Kh1 Nc7 25. Ne2 Ne6 26. Qd3 Bg5 27. Ng1
Rgf6 28. Nf3 Qf7 29. Kg2 Bh6 30. Bc1 Bxc1 31. Rxc1 Qg6 32. Qxg6 hxg6 33. Rcd1
Kh7 34. h4 Kh6 35. Rd3 g5 36. hxg5+ Nxg5 37. Rh1+ Kg6 38. Ne5+ Kf5 39. Rf1+ Ke6
40. Rxf6+ Rxf6 41. Nxc6 Kf5 42. Nxa7 Ra6 43. Nb5 Rxa4 44. Nc3 Ra3 45. Re3 Ne4
46. Nxd5 Ra2+ 47. Kf1 Nd2+ 48. Ke1 Kg4 49. Kd1 Nc4 50. Re2 Nb2+ 51. Kc2 Nc4+
52. Kd3 Rxe2 53. Kxe2 Kxg3 54. Ne3 Na5 55. d5 Nb7 56. c6 Nd6 57. c7 Kf4 58. Nc4
1-0

[Event "Klubbmesterskapet 2024 (A)"]
[Site "Ås, Akershus NOR"]
[Date "2024.02.15"]
[Round "1"]
[White "Furnes, Torstein"]
[Black "Lea, Per"]
[Result "1-0"]
[WhiteElo "1669"]
[BlackElo "1713"]
[Annotator "Furnes,Torstein"]
[PlyCount "69"]
[EventDate "2024.01.25"]

1. d4 f5 2. c4 Nf6 3. Nc3 Nc6 4. Nf3 d6 5. Bg5 h6 6. Bxf6 {Gir fra meg løperparet, men påfører svekkelser i bondestrukturen til svart. Stockfish er enig i at det er riktig å gjøre dette avbyttet (+2 i hvit fordel).} gxf6 7. e3 e5 8. d5 Ne7 9. Nh4 Bg7 10. Qh5+ Kf8 11. Bd3 Qe8 12. Qe2 a6 13. Bc2 e4 14. f3 Ng6 (14... Qh5) 15. Nxg6+ Qxg6 16. fxe4 ({Stockfish liker bedre} 16. O-O) 16... fxe4 17. Bxe4 f5 18. O-O Ke7 19. Bc2 Be5 20. Qf3 Rf8 21. Rab1 {Hensikten med dette trekket var å kunne spille Se2 i neste trekk uten at b2-bonden blir slått.} ({Men Stockfish mener det ikke er så farlig om b-bonden faller og vil spille} 21. Ne2 {med en gang !} Bxb2 22. Rab1 Be5 23. Nd4 {med hvit fordel på ca. +1.8.}) 21... Bd7 22. Ne2 Qg4 23. Nf4 Rf6 (23... Rg8) {Nå får jeg muligheten til å sette igang en lang og ganske forsert serie med avbytter som til slutt ender i et fordelaktig tårnsluttspill med bonde over.} 24. Qxg4 fxg4 25. Ng6+ Kf7 26. Nxe5+ dxe5 27. Rxf6+ Kxf6 28. Rf1+ Kg7 29. Bf5 Bxf5 30. Rxf5 Re8 31. Kf2 Kg6 32. e4 Re7 33. Kg3 h5 34. Kh4 Rf7 35. Rxf7 1-0

[Event "Klubbmesterskapet 2024 (A)"]
[Site "Ås, Akershus NOR"]
[Date "2024.02.22"]
[Round "1"]
[White "Holm, Bjarne"]
[Black "Kielland-Lund, Jon"]
[Result "0-1"]
[WhiteElo "1713"]
[BlackElo "1720"]
[PlyCount "80"]

1. c4 e5 2. Nc3 Nf6 3. g3 d5 4. cxd5 Nxd5 5. Bg2 Nb6 6. Nf3 Nc6 7. O-O Be7 8. e3 O-O 9. d4 exd4 10. Nxd4 Nb4 {[%eval 78,24] [%wdl 285,715,0]} (10... Nxd4 $11 {[%eval 9,32] [%wdl 9,988,3]} 11. exd4 Bf6 {Feilaktig mente jeg at dette gir hvit bedre spill}) 11. Qe2 {[%eval 11,30] [%wdl 10,987,3]} (11. a3 $16 {[%eval 78,24] [%wdl 285,715,0]} N4d5 12. Nxd5 Nxd5 13. Qc2) 11... c6 {[%eval 139,27] [%wdl 914,86,0]} (11... c5 $11 {[%eval 11,30] [%wdl 10,987,3]} 12. Ndb5 Qd3) 12. Rd1 $1 $16 {[%cal Od4c6]} Qc7 {White is clearly better.} 13. Bd2 {[%eval 67,31] [%wdl 169,831,0]} (13. e4 $1 $16 {[%eval 154,24] [%wdl 961,39,0]}) 13... Rd8 $14 14. a3 N4d5 15. Nxd5 Nxd5 16. Rac1 (16. e4 $5 {[%cal Re4d5]} Nf6 17. Be3 $14) 16... Qb6 17. e4 Nf6 18. Bc3 Bg4 19. f3 Bh5 {[%eval 83,24] [%wdl 310,690,0]} (19... Bd7 $14 {[%eval 33,27] [%wdl 28,971,1]}) 20. Kh1 $16 Bg6 21. Bh3 {[%eval 54,33] [%wdl 84,916,0]} ({Better is} 21. Qe1 $1 $16 {[%eval 106,26] [%wdl 613,387,0]}) 21... a5 22. Kg2 Bc5 {[%cal Rc5d4]} 23. Nf5 {[%eval 22,32] [%wdl 15,984,1]} (23. Qc4 $1 $14 {[%eval 63,34] [%wdl 129,871,0]}) 23... Bxf5 $11 24. Bxf5 Bd4 25. Bxd4 Rxd4 26. Rxd4 Qxd4 27. Rd1 Qb6 28. Qd2 Qc7 {[%eval 57,29] [%wdl 90,910,0]} (28... g6 $11 {[%eval 13,40] [%wdl 9,989,2]}) 29. h4 {[%eval 21,39] [%wdl 13,986,1]} (29. Qd6 $1 $14 {[%eval 57,29] [%wdl 90,910,0] should be considered.} Qxd6 30. Rxd6) 29... Kf8 30. Qd6+ (30. Qd4 {looks sharper.} Re8 31. g4 h6 32. h5) 30... Qxd6 31. Rxd6 {[%mdl 4096] Endgame KRB-KRN} Re8 {[%eval 90,29] [%wdl 376,624,0] [#]} (31... a4 $14 {[%eval 35,34] [%wdl 29,970,1]}) 32. Kf2 {[%eval 8,38] [%wdl 7,990,3]} (32. g4 $1 $16 {[%eval 90,29] [%wdl 376,624,0]}) 32... Re7 {[%eval 151,32] [%wdl 944,56,0]} (32... Re5 $1 $11 {[%eval 8,38] [%wdl 7,990,3] remains equal.}) 33. Ke3 {[%eval 103,30] [%wdl 548,452,0]} ({White should play} 33. g4 {[%eval 151,32] [%wdl 944,56,0]}) 33... Ke8 {[%eval 160,27] [%wdl 963,37,0] [#]} (33... Re8 $142 {[%eval 103,30] [%wdl 548,452,0]}) 34. Rd4 {[%eval 27,32] [%wdl 19,980,1] White is more active.} ({White should try} 34. Kd4 $1 $16 {[%eval 160,27] [%wdl 963,37,0]}) 34... h6 35. f4 g6 36. Bh3 c5 37. Rc4 b6 38. b4 $2 {[%eval -246,30] [%wdl 0,0,1000][%mdl 8192]} (38. Kf3 $14 {[%eval 54,34] [%wdl 78,922,0] keeps the upper hand.}) 38... axb4 $19 {Black is clearly better.} 39. axb4 Nd5+ $1 40. Kf3 Nxb4 {Weighted Error Value: White=0.47/Black=0.34 Og hvit gadd ikke å spille 20 trekk til, bare for å tape.} 0-1

[Event "Klubbmesterskapet 2024 (A)"]
[Site "Ås, Akershus NOR"]
[Date "2024.01.25"]
[Round "1"]
[White "Samset, Jon"]
[Black "Arvola, Daniel"]
[Result "0-1"]
[WhiteElo "1350"]
[BlackElo "1390"]
[PlyCount "118"]
[EventDate "2024.01.25"]

1. e4 c5 2. b4 b6 3. Nf3 Nf6 4. d3 d6 5. Be2 g6 6. bxc5 bxc5 7. Bb2 Bg7 8. Nc3
O-O 9. O-O Bb7 10. Rb1 Qc7 11. Qe1 a6 12. h3 e6 13. Nh2 d5 14. Bf3 h5 15. Qd2
Nbd7 16. Qg5 Nh7 17. Qd2 Be5 18. g3 d4 19. Ne2 h4 20. Kg2 Ndf6 21. Bc1 g5 22.
Ng4 Nxg4 23. Bxg4 f5 24. Bf3 fxe4 25. Bxe4 Bxe4+ 26. dxe4 Qc6 27. f3 hxg3 28.
Nxg3 Bf4 29. Qe1 Kh8 30. Nh5 Qc7 31. Nxf4 gxf4 32. Kh2 e5 33. Rg1 Rg8 34. Ba3
Rxg1 35. Qxg1 Rg8 36. Qf2 Qa5 37. Rb3 c4 38. Bb4 Qxa2 39. Ra3 Qb2 40. Bd6 Qb5
41. Qh4 Re8 42. Qh5 Re6 43. Bc7 Qb2 44. Bxe5+ Kg8 45. Qg4+ Kf7 46. Qg7+ Ke8 47.
Qg8+ Nf8 48. Ra5 Qxc2+ 49. Qg2 Qxg2+ 50. Kxg2 d3 51. Bxf4 Rc6 52. Re5+ Kd7 53.
Rd5+ Kc8 54. Bg5 Ne6 55. h4 Nxg5 56. hxg5 c3 57. g6 Rxg6+ 58. Kf2 Rc6 59. Ke1
c2 0-1

[Event "Klubbmesterskapet 2024 (A)"]
[Site "Ås, Akershus NOR"]
[Date "2024.01.25"]
[Round "1"]
[White "Slettmoen, Markus"]
[Black "Andersen, Odd"]
[Result "1/2-1/2"]
[WhiteElo "1687"]
[BlackElo "1697"]
[PlyCount "154"]
[EventDate "2024.01.25"]

1. d4 Nf6 2. c4 e5 3. dxe5 Ng4 4. Nf3 Nc6 5. Bg5 Be7 6. Bf4 Bb4+ 7. Nbd2 Qe7 8.
e3 Ngxe5 9. Be2 O-O 10. O-O d6 11. Qb3 Ng6 12. Bg5 f6 13. c5+ d5 14. Bh4 Bxd2
15. Qxd5+ Be6 16. Qxd2 Nxh4 17. Nxh4 Qxc5 18. Bf3 Qb6 19. Bxc6 Qxc6 20. Nf3 Qe4
21. Qd4 Qxd4 22. Nxd4 Bd5 23. Rfe1 f5 24. f3 c6 25. Nxf5 Rxf5 26. e4 Bxe4 27.
Rxe4 Rf7 28. Rd1 h6 29. a4 Raf8 30. b4 Rf4 31. Rdd4 Rxe4 32. Rxe4 Rf5 33. Kf2
Kf7 34. Ke3 a5 35. Kd3 Rd5+ 36. Kc3 axb4+ 37. Rxb4 Rd7 38. h4 Ke6 39. g4 b5 40.
axb5 cxb5 41. Re4+ Kf7 42. Re5 Rc7+ 43. Kb4 Rc4+ 44. Kxb5 Rf4 45. Re3 h5 46.
gxh5 Rxh4 47. Re4 Rxh5+ 48. Kc4 g5 49. Kd4 Kf6 50. Re8 Rh4+ 51. Ke3 Ra4 52. Kf2
Kg6 53. Kg3 Rb4 54. Re4 Rb5 55. Kg4 Ra5 56. Re6+ Kf7 57. Rh6 Kg7 58. Rc6 Rb5
59. Kh5 Ra5 60. Rg6+ Kf7 61. Rxg5 Ra6 62. f4 Rb6 63. Rc5 Ra6 64. Kg5 Rg6+ 65.
Kf5 Rf6+ 66. Ke4 Ra6 67. f5 Rb6 68. Ke5 Ra6 69. Rc7+ Kf8 70. f6 Ra1 71. Rc4
Re1+ 72. Re4 Rxe4+ 73. Kxe4 Kf7 74. Kf5 Kf8 75. Kg6 Kg8 76. Kg5 Kf7 77. Kf5 Kf8
1/2-1/2

[Event "Klubbmesterskapet 2024 (A)"]
[Site "Ås, Akershus NOR"]
[Date "2024.01.25"]
[Round "1"]
[White "Smith, Robert M"]
[Black "Johansen, Anders Sten"]
[Result "1/2-1/2"]
[WhiteElo "1465"]
[BlackElo "1719"]
[PlyCount "78"]
[EventDate "2024.01.25"]

1. e4 c5 2. c3 d5 3. exd5 Qxd5 4. d4 Nc6 5. Nf3 Bg4 6. Be2 e6 7. O-O cxd4 8.
cxd4 Nf6 9. Nc3 Qd7 10. Be3 Be7 11. h3 Bh5 12. g4 Bg6 13. Ne5 Nxe5 14. dxe5
Qxd1 15. Rfxd1 Ne4 16. Bb5+ Kf8 17. Rd7 Nxc3 18. bxc3 a6 19. Rxe7 axb5 20. Bc5
Kg8 21. Rxb7 h5 22. f3 hxg4 23. hxg4 Kh7 24. Rxb5 Rhc8 25. Bd4 Bd3 26. Rb7 Kg6
27. a4 Ra5 28. Bb6 Rxe5 29. a5 Re2 30. Rc7 Rxc7 31. Bxc7 Rc2 32. Ra3 Ba6 33.
Bd6 f5 34. gxf5+ Kxf5 35. Rb3 g5 36. Rb6 Be2 37. a6 Ra2 38. Kf2 Bc4+ 39. Kg3
Bxa6 1/2-1/2

[Event "Klubbmesterskapet 2024 (B)"]
[Site "Ås, Akershus NOR"]
[Date "2024.01.25"]
[Round "1"]
[White "Thowsen, Alf Geir"]
[Black "Nicolaisen, Lars-Henrik Nystøyl"]
[Result "0-1"]
[WhiteElo "1347"]
[BlackElo "1288"]
[PlyCount "142"]
[EventDate "2024.01.25"]

1. d4 Nf6 2. c4 e6 3. Nc3 Bb4 4. a3 Bxc3+ 5. bxc3 h6 6. e3 c5 7. Bd3 d5 8. cxd5
exd5 9. dxc5 Qa5 10. Qc2 O-O 11. Ne2 Nbd7 12. O-O Nxc5 13. Bb2 Nxd3 14. Qxd3
Be6 15. Nd4 Rac8 16. Qb5 Qxb5 17. Nxb5 a6 18. Nd4 Rc4 19. f3 Nd7 20. Rfe1 Nc5
21. Red1 Na4 22. Rab1 b5 23. Ba1 Nxc3 24. Bxc3 Rxc3 25. Rb3 Rfc8 26. Rd3 Rxd3
27. Rxd3 Rc4 28. Kf2 b4 29. Ke2 a5 30. axb4 Rxb4 31. Rb3 Rc4 32. Kd3 a4 33. Ra3
Kf8 34. Rc3 Rb4 35. Ra3 Rb2 36. Nc2 $1 (36. Rxa4 Rxg2 37. h4 Rh2 38. Nxe6+ fxe6
39. Rf4+ Ke7 $11) 36... Bf5+ 37. e4 dxe4+ 38. fxe4 Bxe4+ 39. Kxe4 Rxc2 40. Kf3
Rc4 41. Ke3 Rb4 42. Ra2 Rb3+ 43. Kd2 Ke7 44. Kc2 Rb4 45. Kc3 Rg4 46. Rd2 Re4
47. g3 Re6 48. Kb4 Ra6 49. Rd4 Ke6 50. Rd2 a3 51. Ra2 Rb6+ 52. Kc4 Rb2 53. Rxa3
Rxh2 54. Rf3 Ra2 55. Re3+ Kf6 56. Kd4 Ra4+ 57. Kd5 Ra8 58. Rf3+ Kg5 59. Rxf7
Kg6 60. Rf4 Re8 61. Re4 Rxe4 62. Kxe4 Kg5 63. Kf3 h5 64. Kf2 Kg4 65. Kg2 h4 66.
gxh4 Kxh4 67. Kh2 g5 68. Kg2 Kg4 69. Kh2 Kf3 70. Kg1 Kg3 71. Kh1 Kf2 0-1

[Event "Klubbmesterskapet 2024 (B)"]
[Site "Ås, Akershus NOR"]
[Date "2024.01.25"]
[Round "1"]
[White "Heien, Aksel"]
[Black "Kvedalen, Sindre"]
[Result "0-1"]
[WhiteElo "1320"]
[BlackElo "1214"]
[PlyCount "70"]

1. e4 Nf6 2. e5 Nd5 3. d4 d6 4. c4 Nb6 5. exd6 exd6 6. Nf3 Bf5 7. Nc3 Be7 8.
Bd3 Bxd3 9. Qxd3 O-O 10. O-O Nc6 11. Re1 Re8 12. a3 Bf6 13. Be3 d5 14. c5 Nc4
15. b3 Nxe3 16. Rxe3 Rxe3 17. Qxe3 b6 18. cxb6 axb6 19. Qd2 Nb4 20. a4 c5 21.
dxc5 bxc5 22. Re1 c4 23. bxc4 dxc4 24. Qxd8+ Rxd8 25. Ne4 c3 26. Nxf6+ gxf6 27.
g3 Ra8 28. Rc1 c2 29. Nd4 Rc8 30. a5 Rc4 31. Nb3 Nd3 32. Nd2 Nxc1 33. Nxc4 Ne2+
34. Kf1 c1=Q+ 35. Kxe2 Qxc4+ 0-1

[Event "Klubbmesterskapet 2024 (B)"]
[Site "Ås, Akershus NOR"]
[Date "2024.01.25"]
[Round "1"]
[White "Ring, Paul Christian"]
[Black "Innset-Ekkje, Amandus"]
[Result "1/2-1/2"]
[WhiteElo "1208"]
[BlackElo "1340"]
[PlyCount "145"]
[EventDate "2024.01.25"]

1. e4 c5 2. Nf3 Nc6 3. Bc4 e6 4. Nc3 a6 5. a3 b5 6. Ba2 Bb7 7. Ne2 Be7 8. O-O
Nf6 9. d3 O-O 10. Bg5 h6 11. Bh4 d5 12. e5 Nd7 13. Bg3 Qc7 14. d4 cxd4 15.
Nexd4 Nxd4 16. Qxd4 Bc5 17. Qd3 Rac8 18. c3 Qc6 19. Bb1 g6 20. Nd4 Qc7 21. f4
Bb6 22. Bf2 Nc5 23. Qh3 h5 24. Bxg6 fxg6 25. Nxe6 Qf7 26. Nxf8 Rxf8 27. b4 Na4
28. Bxb6 Nxb6 29. g4 Bc8 30. f5 hxg4 31. fxg6 Qxf1+ 32. Qxf1 Rxf1+ 33. Rxf1 Kg7
34. Rf6 Nc4 35. Rc6 Bf5 36. Rxa6 Nxe5 37. Rb6 Bd3 38. Kf2 Nxg6 39. Kg3 Ne5 40.
Kf4 Nf3 41. Kxg4 Nxh2+ 42. Kg3 Nf1+ 43. Kf2 Nd2 44. Ke3 Nc4+ 45. Kxd3 Nxb6 46.
Kd4 Kf7 47. Kc5 Na4+ 48. Kxb5 Nxc3+ 49. Kc5 Ke6 50. b5 Na4+ 51. Kb4 Nb6 52. a4
Ke5 $4 (52... Kd6 $1 $19) 53. a5 Nd7 54. b6 Kd6 55. Kb5 d4 56. a6 d3 57. a7 d2
58. a8=Q d1=Q 59. Qa3+ Ke6 60. Qh3+ Ke5 61. Qh8+ Nf6 62. Qh2+ Ke6 63. Qa2+ Nd5
64. b7 Qd3+ 65. Qc4 Qb1+ 66. Ka4 Qxb7 67. Qe2+ Kd6 68. Qh2+ Kc5 69. Qc2+ Kd4
70. Qd2+ Kc4 71. Qe2+ Kd4 72. Qd2+ Ke5 73. Qh2+ 1/2-1/2

[Event "Klubbmesterskapet 2024 (A)"]
[Site "Ås, Akershus NOR"]
[Date "2024.02.01"]
[Round "2"]
[White "Lea, Per"]
[Black "Johansen, Anders Sten"]
[Result "1-0"]
[WhiteElo "1713"]
[BlackElo "1719"]
[PlyCount "69"]
[EventDate "2024.01.25"]

1. c4 Nf6 2. g3 e6 3. Bg2 d5 4. d4 c6 5. Nc3 Nbd7 6. b3 Be7 7. Nf3 O-O 8. O-O
b6 9. Re1 Ne4 10. Bb2 f5 11. Nd2 Ndf6 12. Ncxe4 fxe4 13. e3 Bb7 14. Rc1 Bd6 15.
c5 bxc5 16. dxc5 Bc7 17. b4 a5 18. a3 axb4 19. axb4 Ba6 20. f3 exf3 21. Nxf3
Nd7 22. Nd4 Qf6 23. Rc2 Qg6 24. Nxc6 Kh8 25. e4 Nf6 26. exd5 Bxg3 27. hxg3 Qxg3
28. Rc3 Qh4 29. Rh3 Qg5 30. Rxe6 Bc8 31. Re5 Qg6 32. Ne7 Bxh3 33. Nxg6+ hxg6
34. Bxh3 Ra2 35. Re2 1-0

[Event "Klubbmesterskapet 2024 (A)"]
[Site "Ås, Akershus NOR"]
[Date "2024.02.01"]
[Round "2"]
[White "Andersen, Odd"]
[Black "Smith, Robert M"]
[Result "0-1"]
[WhiteElo "1697"]
[BlackElo "1464"]
[PlyCount "152"]
[EventDate "2024.01.25"]

1. d4 Nf6 2. c4 e6 3. Nc3 Bb4 4. Qc2 O-O 5. a3 Bxc3+ 6. Qxc3 d5 7. Bg5 dxc4 8. Qxc4 b6 9. Nf3 Ba6 10. Qc2 h6 11. Bh4 Qe7 12. Bxf6 Qxf6 13. g3 Bb7 14. Bg2 Rc8 15. O-O c5 16. Rac1 Nd7 17. Qd3 Rd8 18. dxc5 Nxc5 19. Qc3 Qe7 20. Rfd1 Rxd1+ 21. Rxd1 Rc8 22. Qb4 Qf6 23. h4 Ne4 24. Qb3 Ba6 25. Qe3 Bb7 26. Nd2 Nc5 27. Bxb7 Nxb7 28. Qb3 Na5 29. Qa2 Rc2 30. Qb1 Qxb2 31. Qxb2 Rxb2 32. Kf1 Ra2 33. Ne4 f5 34. Rd8+ Kf7 35. Nc3 Rxa3 36. Nb5 Ra1+ 37. Kg2 Ke7 38. Ra8 Nc6 39. Rg8 Kf7 40. Rc8 Ne5 41. Rc7+ Kf6 42. Nxa7 Ra2 43. Rb7 Rxe2 44. Rxb6 Ng4 45. Nc6 Rxf2+ 46. Kg1 Rd2 47. Nb4 Ne3 48. Na6 Rg2+ 49. Kh1 Rxg3 50. Nc7 Rh3+ 51. Kg1 Rxh4 52. Rxe6+ Kg5 53. Rxe3 f4 54. Re6 Kf5 55. Re7 g5 56. Rh7 Rh3 57. Nd5 Kg6 58. Ra7 Rd3 59. Ne7+ Kf6 60. Ng8+ Kg6 61. Ra6+ Kf5 62. Nxh6+ Ke4 63. Ng4 Rg3+ 64. Kf2 Rxg4 65. Ra4+ Kf5 66. Ra5+ Kg6 67. Ra3 Rh4 68. Kg2 Rh8 69. Ra5 Rf8 70. Kf3 Kh5 71. Ra4 g4+ 72. Kg2 f3+ 73. Kg3 f2 74. Ra5+ Kg6 75. Ra6+ Kg7 76. Ra7+ Kg8 0-1

[Event "Klubbmesterskapet 2024 (A)"]
[Site "Ås, Akershus NOR"]
[Date "2024.02.01"]
[Round "2"]
[White "Arvola, Daniel"]
[Black "Slettmoen, Markus"]
[Result "1-0"]
[WhiteElo "1390"]
[BlackElo "1687"]
[PlyCount "53"]
[EventDate "2024.01.25"]

1. e4 d5 2. exd5 Nf6 3. Bb5+ {[%emt 0:00:00]} Bd7 {[%emt 0:00:00]} 4. Bc4 Bg4
5. Nf3 Nxd5 6. d4 e6 7. O-O c6 8. c3 Bd6 9. Nbd2 Nd7 10. h3 Bh5 11. Ne4 N7b6
12. Bd3 Nf4 13. Bxf4 Bxf4 14. Re1 Qd5 15. Qe2 O-O-O 16. a4 e5 17. a5 Na8 18.
Bc4 Qd7 19. dxe5 Bxf3 20. Qxf3 Bxe5 21. Nc5 Qd6 22. Qf5+ Kb8 23. Qxe5 Qxe5 24.
Rxe5 Kc7 25. Rae1 b6 26. Re7+ Kc8 27. Ba6+ 1-0

[Event "Klubbmesterskapet 2024 (A)"]
[Site "Ås, Akershus NOR"]
[Date "2024.02.01"]
[Round "2"]
[White "Kielland-Lund, Jon"]
[Black "Samset, Jon"]
[Result "1-0"]
[WhiteElo "1714"]
[BlackElo "1350"]
[PlyCount "87"]
[EventDate "2024.01.25"]

1. c4 b6 2. d4 Nf6 3. Nc3 Bb7 4. Nf3 d6 5. d5 g6 6. e4 Bg7 7. Be2 O-O 8. Bg5 Nbd7 9. Nd4 a6 10. Qd2 Nc5 11. f3 Re8 12. Bh6 e6 13. b4 Ncd7 14. Bxg7 Kxg7 15. O-O exd5 16. cxd5 Ne5 17. a4 Nfd7 18. f4 c5 19. Nc2 Qh4 20. fxe5 Rxe5 21. Qf4 Qe7 22. b5 Nf6 23. Bf3 Bc8 24. Ne3 Nh5 25. Bxh5 Rxh5 26. Nc4 axb5 27. Nxb6 Rb8 28. Nxc8 Rxc8 29. axb5 Rh4 30. Qf3 Rb8 31. Ra6 Rb7 32. Qg3 Rd7 33. b6 Rh5 34. Kh1 Rb7 35. h3 Qd8 36. Qf4 c4 37. Nb5 Re5 38. Ra7 Qxb6 39. Rxb7 Qxb7 40. Nxd6 Qe7 41. Qxf7+ Qxf7 42. Rxf7+ Kh6 43. Rc7 Kh5 44. Rxh7+ 1-0

[Event "Klubbmesterskapet 2024 (A)"]
[Site "Ås, Akershus NOR"]
[Date "2024.02.01"]
[Round "2"]
[White "Furnes, Torstein"]
[Black "Holm, Bjarne"]
[Result "0-1"]
[WhiteElo "1669"]
[BlackElo "1719"]
[Annotator "Furnes,Torstein"]
[PlyCount "136"]
[EventDate "2024.01.25"]

1. d4 Nf6 2. c4 e6 3. Nc3 d5 4. Bg5 Be7 5. e3 O-O 6. Nf3 c6 7. Rc1 h6 8. Bf4 Nbd7 9. h3 Re8 10. Bd3 Nb6 $16 {Stockfish liker ikke dette trekket og hvitfordelen kommer opp i litt over +1.} 11. c5 Nbd7 12. O-O b6 ({Stockfish vil spille} 12... Bxc5 $1 13. dxc5 e5 14. Nxe5 Nxe5 15. Bb1 $14) 13. b4 Bb7 14. a4 $2 $11 {En feil som gjør at hele hvitfordelen fordufter.} (14. Na4 $16 {er Stockfish sitt førstevalg.}) 14... a5 15. Rb1 $2 $19 ({Bedre er} 15. cxb6 axb4 16. Bc7 Qc8 17. Ne2 $11) 15... Qc8 $15 ({Bedre er} 15... axb4 16. Rxb4 Bc8) 16. Qb3 $2 $19 (16. cxb6 axb4 17. Na2 Nxb6 18. Nxb4 Nxa4 19. Ra1 $15) 16... axb4 17. Qxb4 Ba6 18. Bxa6 Rxa6 19. Bd6 Bxd6 $15 ({Stockfish vil heller spille} 19... bxc5 20. dxc5 Bxd6 21. cxd6 c5 $19) 20. cxd6 c5 21. Qb5 $15 ({Etter} 21. Qb3 $11 {vurderer Stockfish stillingen som nesten helt lik, selv om hvits bonde på d6 kan bli vanskelig å forsvare.}) 21... Ra5 22. Qb3 Qb8 23. Nb5 Ne4 24. Nc7 Rd8 25. dxc5 Nexc5 26. Qc2 Rxa4 27. Nd4 Qb7 28. Ndb5 $19 (28. Qb2) 28... Rc4 29. Qb2 Qc6 30. Ra1 Ne4 31. Qa3 (31. Ra7) 31... Rc5 32. Qa7 Nxd6 33. Nxd6 Qxd6 34. Na6 Rc4 35. Rfb1 Rdc8 36. Nb4 g6 (36... Rxb4 37. Rxb4 Qxb4 38. Qxd7) 37. Nd3 Kg7 38. Nf4 e5 $2 $17 {Tillater en liten kombinasjon der hvit vinner tilbake den ene bonden.} 39. Nxd5 $1 Qxd5 40. Rd1 Qc6 41. Rxd7 Rc7 42. Rxc7 Qxc7 43. Qa3 ({Stockfish vil spille} 43. Ra6 Qxa7 44. Rxa7 b5 45. Rb7) 43... Qc5 44. Qb2 Rc2 45. Qb3 Rc1+ 46. Rxc1 Qxc1+ 47. Kh2 Qc5 48. Kg3 b5 49. Kf3 b4 50. g4 Qc3 $1 {En riktig beslutning. Etter dronningbyttet vinner hvit c-bonden, men kongen blir såpass deplassert at svart vinner greit. Svart står til klar vinst resten av partiet.} 51. Qxc3 bxc3 52. Ke2 e4 53. Kd1 f5 54. gxf5 gxf5 55. Kc2 Kf6 56. Kxc3 Kg5 57. Kd4 h5 58. Ke5 Kh4 59. Kxf5 Kxh3 60. Kxe4 h4 61. f4 Kg3 62. f5 h3 63. f6 h2 64. f7 h1=Q+ 65. Ke5 Qh8+ 66. Ke6 Qf8 67. e4 Kf4 68. e5 Kg5 0-1

[Event "Klubbmesterskapet 2024 (B)"]
[Site "Ås, Akershus NOR"]
[Date "2024.03.07"]
[Round "2"]
[White "Kvedalen, Sindre"]
[Black "Hedman, Viktor Mattias Larøi"]
[Result "0-1"]
[WhiteElo "1214"]
[BlackElo "1246"]
[PlyCount "36"]
[EventDate "2024.01.25"]

1. e4 e5 2. Nc3 Nc6 3. Bc4 Bc5 4. Qg4 g6 5. Qf3 Qf6 6. Nd5 Qxf3 7. Nxf3 Bb6 8.
d3 f6 9. Nxb6 axb6 10. Be3 Na5 11. Nd2 Nxc4 12. Nxc4 d6 13. d4 exd4 14. Bxd4
Be6 15. Na3 Kf7 16. b3 Rxa3 17. c4 Ne7 18. f3 Rha8 0-1

[Event "Klubbmesterskapet 2024 (B)"]
[Site "Ås, Akershus NOR"]
[Date "2024.02.01"]
[Round "2"]
[White "Thowsen, Alf Geir"]
[Black "Heien, Aksel"]
[Result "1-0"]
[WhiteElo "1347"]
[BlackElo "1320"]
[PlyCount "67"]
[EventDate "2024.01.25"]

1. d4 d5 2. c4 c6 3. Nc3 Nf6 4. Nf3 a6 5. Bg5 dxc4 6. e3 b5 7. b3 Qa5 8. Qd2
cxb3 9. Rc1 Nbd7 10. axb3 e6 11. Na2 Qxd2+ 12. Nxd2 Bb7 13. Be2 Be7 14. Bf3 Rc8
15. O-O O-O 16. Rc2 Nd5 17. Bxe7 Nxe7 18. Ne4 Rc7 19. Nd6 Ba8 20. Rfc1 Nb8 21.
e4 f5 22. e5 Nd5 23. Bxd5 exd5 24. Nb4 Re7 25. Nd3 a5 26. Ra2 a4 27. bxa4 Bb7
28. axb5 cxb5 29. Ra7 Nc6 30. Rxc6 Bxc6 31. Rxe7 Ra8 32. g3 Ra4 33. Rc7 Ra1+
34. Kg2 1-0

[Event "Klubbmesterskapet 2024 (A)"]
[Site "Ås, Akershus NOR"]
[Date "2024.02.08"]
[Round "3"]
[White "Holm, Bjarne"]
[Black "Lea, Per"]
[Result "0-1"]
[WhiteElo "1719"]
[BlackElo "1713"]
[Annotator "Lea,Per"]
[PlyCount "66"]
[EventDate "2024.01.25"]

1. c4 c5 2. g3 g6 3. Bg2 Bg7 4. Nc3 Nc6 5. e3 d6 6. Nge2 Nf6 7. O-O Be6 8. Nd5
Qd7 9. a3 Ne5 10. d3 Nxd5 11. cxd5 Bh3 12. f4 Bxg2 13. Kxg2 Ng4 14. h3 Nf6 (
14... Bxb2 $1 15. Rb1 Bxc1 16. Qxc1 $17) 15. e4 h5 $2 (15... b5) (15... a5) 16.
Nc3 (16. Qc2 $1 $16) 16... Nh7 17. Re1 e5 18. Rb1 O-O $2 (18... b5) (18... exf4
) (18... h4 19. g4 (19. gxh4 Nf8) 19... exf4 20. Bxf4 $11) 19. Rf1 $2 (19. f5
$1 $16) 19... f5 (19... exf4) 20. Ne2 $2 $17 (20. fxe5 Bxe5 21. Bh6 Rf6) 20...
Rae8 (20... fxe4 21. dxe4 exf4 22. gxf4 Rae8 $17) 21. Nc3 exf4 22. exf5 Rxf5
23. Rxf4 $2 (23. Bxf4) 23... Bxc3 24. bxc3 Rxd5 $2 (24... Ng5 $1 25. Rxf5 Qxf5
26. Bxg5 Qxg5 27. Qf3 Re3 28. h4 Qe5 29. Qf4 $19) 25. Qf3 $2 (25. Qb3 Re2+ 26.
Kg1 Ree5 $15) 25... Rde5 $19 26. g4 Re2+ 27. Kg3 h4+ $1 28. Kxh4 g5+ 29. Kh5
gxf4 30. Rxb7 R2e5+ 31. g5 Rxg5+ 32. Kh4 Qe6 33. Bxf4 (33. Rxh7 Kxh7 34. Kxg5
Rg8+ 35. Kh4 Qf6+ 36. Kh5 Qg5#) 33... Qh6+ 0-1

[Event "Klubbmesterskapet 2024 (A)"]
[Site "Ås, Akershus NOR"]
[Date "2024.02.08"]
[Round "3"]
[White "Samset, Jon"]
[Black "Furnes, Torstein"]
[Result "0-1"]
[WhiteElo "1350"]
[BlackElo "1669"]
[Annotator "Furnes,Torstein"]
[PlyCount "102"]
[EventDate "2024.01.25"]

1. e4 c5 2. b4 cxb4 3. a3 bxa3 4. Bxa3 Nc6 5. Nf3 d6 6. Bc4 e5 7. O-O Be7 8. d3 Nf6 9. c3 Bg4 10. Nbd2 O-O 11. Bb2 d5 12. exd5 Nxd5 13. Qb3 Nb6 14. Rfe1 Nxc4 15. Qxc4 Bxf3 16. Nxf3 Bd6 17. Qg4 Bc7 18. d4 exd4 19. cxd4 Qd5 20. Bc1 f5 21. Qh4 Rae8 22. Ba3 Bd6 23. Bxd6 Qxd6 24. h3 b5 $6 $11 ({Stockfish vil heller spille} 24... Rxe1+ 25. Rxe1 h6 $19) 25. Qh5 Rxe1+ 26. Rxe1 Nxd4 27. Ng5 h6 28. Nf3 Nxf3+ 29. Qxf3 b4 30. Qb3+ Kh8 31. Rd1 Qc5 32. Rd3 a5 33. Rd5 Qc1+ 34. Kh2 Qf4+ 35. Kg1 Rc8 36. g3 Rc1+ 37. Rd1 Rxd1+ 38. Qxd1 Qe5 39. Kf1 Qb5+ 40. Ke1 b3 41. g4 b2 42. Qb1 fxg4 43. hxg4 a4 44. Kd2 Qb4+ 45. Kc2 Qb3+ 46. Kd2 a3 47. Qc2 Qxc2+ 48. Kxc2 g5 49. f3 Kg7 50. Kb1 Kf6 51. Kc2 Ke5 0-1